Loading...
Brodie's notes on Chosen poems of Thomas Hardy
| Main Author: | |
|---|---|
| Format: | Printed Book |
| Language: | English |
| Published: |
London :
pan educational ,
c1978.
|
| LEADER | 00447nam a22001217a 4500 | ||
|---|---|---|---|
| 008 | 130711b xxu||||| |||| 00| 0 eng d | ||
| 100 | |a Handley, Graham | ||
| 245 | |a Brodie's notes on Chosen poems of Thomas Hardy | ||
| 260 | |a London : |b pan educational , |c c1978. | ||
| 300 | |b 72p. | ||
| 942 | |c BK | ||
| 999 | |c 197357 |d 197357 | ||
| 952 | |0 0 |1 0 |4 0 |6 821_800000000000000_HAN_B |7 0 |9 218202 |a ENG |b ENG |c ST1 |d 2013-07-11 |i 12010 |l 0 |o 821.8 HAN/B |p ENG12010 |r 2013-07-11 |w 2018-08-21 |y BK | ||